000 00626nam a22001937a 4500
005 20180423121354.0
010 _aENG-122465
020 _a9788171394890
_c800.00
035 _aEN-105997
037 _bDBAD/PUB
082 _a270.2
100 _aObaidullah Fahad
245 _aDiversity, dissent and dialogue :
_cby Obaidullah Fahad
_bsome islamic readings /
260 _aNew Delhi
_bJnanada Prakashan (P&D)
_c2012
270 _a4837/2, 24, Ansari Road, Daryaganj,
_bNew Delhi
_e110002
300 _a246p.
_bill.
_c21cm(Hb)
500 _aInclude bibliography [and] index
942 _2ddc
_cEN
_mOBA
_h270.2
999 _c150702
_d150702